000 00213 a2200097 4500
001 22873
100 _aPfeiffer, P E
245 _aLinear Systems Analysis
260 _a
_bMcGraw hill
_c1961
090 _c15478
_d15478
942 _aNUST-CAE
_cM
_c6089
999 _c257946
_d257946